LEADER 00909nam a2200265 i 4500 001 991000374869707536 005 20020506125753.0 008 000908s1963 it ||| | ita 035 $ab10691169-39ule_inst 035 $aEXGIL144454$9ExL 040 $aBiblioteca Interfacoltà$bita 082 0 $a155.5 100 1 $aLacroix, Jean$053449 245 10$aTimidezza e adolescenza /$cJean Lacroix ; traduzione di Agostino Bozzo 260 $aTorino :$bSEI,$c1963 300 $aXIV, 156 p. 490 0 $aPsicologia e vita ;$v3 650 4$aAdolescenti$xPsicologia 700 1 $aBozzo, Agostino 907 $a.b10691169$b23-02-17$c28-06-02 912 $a991000374869707536 945 $aLE002 Ps. II M 3$g1$i2002000557599$lle002$o-$pE0.00$q-$rl$s- $t0$u0$v0$w0$x0$y.i10785292$z28-06-02 996 $aTimidezza e adolescenza$9600277 997 $aUNISALENTO 998 $ale002$b01-01-00$cm$da $e-$fita$git $h0$i1